000 00538nam a22001817a 4500
005 20251108171958.0
008 250721s1996 xx 000 0 ara d
082 1 4 _a615.89/عمر
100 1 _aالجندي، محمود جبريل
245 1 0 _aالنباتات غذاء و دواء و العسل فيه شفاء /
264 1 _aعمان :
_bالمؤلف،
_c1996.
300 _a216ص.
650 1 7 _aالطب الشعبي
650 1 7 _aالنباتات الطبية
650 1 7 _aالعسل
942 _2ddc
_cBK
999 _c67423
_d67423